| 000 | 00597 a2200181 4500 | ||
|---|---|---|---|
| 003 | NUST | ||
| 005 | 20221224115741.0 | ||
| 040 | _cNust | ||
| 082 | _a355.02,CLA | ||
| 100 |
_aClausewitz, Gen Carl von _9105802 |
||
| 245 |
_aOn war (Vol-1) / _cGen. Carl von clausewitz |
||
| 250 | _avol, 1 | ||
| 260 |
_aLondon _bRoutledge& kegan paul LTD _c1962 |
||
| 300 | _axxxviii, 314 p.; | ||
| 505 | _aBook .1-On the Nature of War (Page-1), Book.2- On the Theory of War (Page-84), Book .3-of Strategy in General (Page-165), Book .4-The Combat (Page-235). | ||
| 650 | _awar | ||
| 942 |
_2ddc _cBK _k355.02,CLA |
||
| 999 |
_c190641 _d190641 |
||